Chiến tranh và Hòa bình T.2
Сохранить в:
| Главный автор: | |
|---|---|
| Формат: | |
| Опубликовано: |
H.
Văn học
1993
|
| Предметы: | |
| Метки: |
Добавить метку
Нет меток, Требуется 1-ая метка записи!
|
| Thư viện lưu trữ: | Trung tâm Học liệu Lê Vũ Hùng, Trường Đại học Đồng Tháp |
|---|
| LEADER | 00684pam a22002298a 4500 | ||
|---|---|---|---|
| 001 | 00021191 | ||
| 005 | 20171026081023.0 | ||
| 008 | 110523s1993 ||||||Viesd | ||
| 041 | 0 | # | |a Vie |
| 082 | 1 | # | |a 891.73 |b CH305TR |
| 100 | 0 | # | |a Tolstoi, Léon |
| 245 | 0 | 0 | |a Chiến tranh và Hòa bình |c Léon Tolstoi |n T.2 |
| 260 | # | # | |a H. |b Văn học |c 1993 |
| 300 | # | # | |a 594 tr. |c 19 cm. |
| 650 | |a Liên Xô | ||
| 650 | |a Văn học hiện đại | ||
| 653 | # | # | |a Tiểu thuyết |
| 852 | # | # | |b Kho đọc |j KD.0004852 |
| 852 | # | # | |j KD.0004852 |
| 910 | # | # | |a Đức |d 23/05/2011 |
| 980 | # | # | |a Trung tâm Học liệu Lê Vũ Hùng, Trường Đại học Đồng Tháp |